01663cam a2200301 a 45000010008000000030004000080050017000120080041000290100017000700200032000870400017001190430012001360500017001480820015001651000026001802450089002062600054002953000034003495040064003835050580004476500053010276500056010807000027011369060045011639420012012089990016012209520125012364946297OSt20231013123949.0961017s1997 caua b 001 0 eng  a 96045372  a0803990650 (acidfree paper) aDLCcLCdDLC an-us---00aHN90.M3.C76 00a302.232211 aCroteau, David.9136710aMedia/society : industries, images, and audiences. /cDavid Croteau, William Hoynes. aThousand Oaks, Calif. :bPine Forge Press,c1997. axix, 344 p. :bill. ;c24 cm. aIncludes bibliographical references (p. 321-331) and index. aContents: Media/society: Media and the social world -- Production: the media industry and the social world: The Economics of the media industry -- Political influence on media -- Media organizations and professionals -- Content: media representations of the social world: Social inequality and media representation -- Media and ideology -- Audiences: meaning and influence: Media influence and the political world -- Active audiences and the construction of meaning -- Media technology and social change -- Globalization and the future: Media in a changing global culture --  0aMass mediaxSocial aspectszUnited States.91368 0aMass mediaxPolitical aspectszUnited States.913691 aHoynes, William.91370 a7bcbccorignewd1eocipf19gy-gencatlg 2lcccBK c9568d17068 00102lcc4070aWIUC-KLbWIUC-KLcGENd2023-03-16l0oHN90.M3.C76 pK/3122/0220/23r2023-04-29 00:00:00w2023-04-29yBK